[Event "Davos Ski op"]
[Site "Davos"]
[Date "2023.12.16"]
[Round "3"]
[White "Held, Thomas"]
[Black "Neuberger, Guido"]
[Result "0-1"]
[WhiteElo "2012"]
[BlackElo "2172"]
[PlyCount "80"]
[EventDate "2023.12.15"]
[EventType "swiss"]
[EventRounds "5"]
[EventCountry "SUI"]
[SourceTitle "CB51_2023"]
[SourceDate "2023.12.20"]
[SourceVersion "1"]
[SourceVersionDate "2023.12.20"]
[SourceQuality "1"]

1. e4 e5 2. Nf3 Nc6 3. Bb5 a6 4. Ba4 Nf6 5. 0-0 Be7 6. Re1 b5 7. Bb3 d6 8. c3 0-0 9. a4 Bg4 10. h3 Bh5 11. d3 Na5 12. Bc2 c5 13. Nbd2 Qc7 14. g4 Bg6 15. Nf1 Nc6 16. Nh4 Nd7 17. Nf5 Bxf5 18. gxf5 Kh8 19. Kh1 Bh4 20. Qg4 Bxf2 21. Re2 Nf6 22. Qf3 Bh4 23. Rg2 Qe7 24. Ne3 b4 25. Bb3 bxc3 26. bxc3 Rab8 27. Bd5 Na5 28. Bd2 Rb2 29. Rag1 Rfb8 30. Qd1 g6 31. Bxf7 Qxf7 32. fxg6 hxg6 33. Rxg6 Rb1 34. Rh6+ Nh7 35. Qxb1 Qf3+ 36. Kh2 Qf2+ 37. Kh1 Qf3+ 38. Kh2 Rxb1 39. Rxb1 Bg3+ 40. Kg1 Qf2+ 0-1

[Event "Davos Summer op 21st"]
[Site "Davos"]
[Date "2022.08.07"]
[Round "5"]
[White "Neuberger, Guido"]
[Black "Paleologu, Vladimir"]
[Result "0-1"]
[WhiteElo "2175"]
[BlackElo "1982"]
[PlyCount "118"]
[EventDate "2022.08.05"]
[EventType "swiss"]
[EventRounds "5"]
[EventCountry "SUI"]
[SourceTitle "CBM 209 Extra"]
[Source "ChessBase"]
[SourceDate "2022.09.30"]
[SourceVersion "1"]
[SourceVersionDate "2022.09.30"]
[SourceQuality "1"]

1. e4 e5 2. Nf3 d6 3. d4 Nd7 4. Bc4 c6 5. a4 Be7 6. a5 Ngf6 7. Nc3 Qc7 8. 0-0 h6 9. Re1 Nf8 10. h3 g5 11. Qd3 Ng6 12. Bb3 Bd8 13. Be3 g4 14. hxg4 Nxg4 15. dxe5 N4xe5 16. Nxe5 Nxe5 17. Qe2 Bg4 18. f3 Be6 19. Bxe6 fxe6 20. f4 Nf7 21. Qg4 Qe7 22. a6 b6 23. Ne2 Bc7 24. Bd4 h5 25. Qh3 Rh6 26. Ng3 0-0-0 27. Nxh5 Rg8 28. Ra3 Kb8 29. Rf3 b5 30. g4 e5 31. Be3 Bb6 32. Bxb6 axb6 33. a7+ Ka8 34. Rc3 exf4 35. Rxc6 Qd7 36. Rxb6 Qxg4+ 37. Qxg4 Rxg4+ 38. Kf2 Rxh5 39. Rc6 Rg8 40. Rc7 Ne5 41. Rg1 Rh2+ 42. Kf1 Rxg1+ 43. Kxg1 Re2 44. b3 b4 45. c4 bxc3 46. Rxc3 Kxa7 47. Rc8 Kb7 48. Rf8 f3 49. Rf4 Kc6 50. Kf1 Rb2 51. Rf8 Rxb3 52. Kf2 Rb2+ 53. Ke3 Kc5 54. Rc8+ Kb4 55. Rb8+ Kc3 56. Rc8+ Kb3 57. Rb8+ Kc2 58. Rd8 Kc1 59. Rf8 Kd1 0-1

[Event "AUT-chT2W 1920"]
[Site "Austria"]
[Date "2019.11.23"]
[Round "4.2"]
[White "Neuberger, Guido"]
[Black "Scheiblmaier, Robert"]
[Result "1/2-1/2"]
[WhiteElo "2246"]
[BlackElo "2177"]
[PlyCount "80"]
[EventDate "2019.10.04"]
[EventType "team-tourn"]
[EventRounds "11"]
[EventCountry "AUT"]
[SourceTitle "CBM 193 Extra"]
[Source "ChessBase"]
[SourceDate "2020.01.31"]
[SourceVersion "1"]
[SourceVersionDate "2020.01.31"]
[SourceQuality "1"]
[WhiteTeam "Wolfurt"]
[BlackTeam "Salzburg ASK"]
[WhiteTeamCountry "AUT"]
[BlackTeamCountry "AUT"]

1. d4 d5 2. Bf4 e6 3. e3 Nf6 4. Nd2 Bd6 5. Bg3 0-0 6. Ngf3 c5 7. c3 Nc6 8. Bd3 b6 9. e4 dxe4 10. Nxe4 Nxe4 11. Bxe4 Bb7 12. Qa4 Rc8 13. Rd1 Bxg3 14. hxg3 f5 15. dxc5 Qe7 16. Bc2 bxc5 17. g4 Rcd8 18. Rxd8 Rxd8 19. Bb3 Qf6 20. g5 Qe7 21. 0-0 Nd4 22. Nxd4 cxd4 23. Qxa7 d3 24. Qe3 Kf7 25. Rd1 Ba6 26. Rd2 Qd6 27. Kf1 Qc6 28. Qe5 Bc4 29. Bd1 Bxa2 30. b3 Bb1 31. c4 Bc2 32. Bh5+ Kg8 33. g6 hxg6 34. Bxg6 Qd6 35. Qc3 Qh2 36. f3 Qh1+ 37. Kf2 Qh4+ 38. Kf1 Qh1+ 39. Kf2 Qh4+ 40. Kf1 Qh1+ 1/2-1/2

[Event "AUT-chT2W 1819"]
[Site "Austria"]
[Date "2018.12.08"]
[Round "4.3"]
[White "Scheiblmaier, Robert"]
[Black "Neuberger, Guido"]
[Result "1-0"]
[WhiteElo "2192"]
[BlackElo "2251"]
[PlyCount "141"]
[EventDate "2018.10.12"]
[EventType "team-tourn"]
[EventRounds "11"]
[EventCountry "AUT"]
[SourceTitle "CBM 189 Extra"]
[Source "ChessBase"]
[SourceDate "2019.06.03"]
[SourceVersion "1"]
[SourceVersionDate "2019.06.03"]
[SourceQuality "1"]
[WhiteTeam "Salzburg ASK"]
[BlackTeam "Wolfurt"]
[WhiteTeamCountry "AUT"]
[BlackTeamCountry "AUT"]

1. d4 d5 2. c4 c6 3. cxd5 cxd5 4. Nc3 Nc6 5. e4 dxe4 6. d5 Ne5 7. Qa4+ Bd7 8. Qxe4 Ng4 9. Nb5 Qb6 10. Be3 Nxe3 11. Qxe3 Rc8 12. Qxb6 axb6 13. Nf3 e6 14. dxe6 Bb4+ 15. Kd1 Bxe6 16. Bd3 Nf6 17. a3 Bb3+ 18. Ke2 Bc5 19. Nbd4 Bd5 20. Bb5+ Kf8 21. Rhd1 g6 22. Kf1 Kg7 23. Rac1 Rhd8 24. b4 Bd6 25. h3 Bf4 26. Rxc8 Rxc8 27. Ne2 Bxf3 28. gxf3 Be5 29. f4 Bb2 30. Rd3 Rc2 31. f3 h5 32. Rb3 Ba1 33. Bd3 Rb2 34. Rxb2 Bxb2 35. a4 Nd5 36. Be4 Nxb4 37. Bxb7 Kf6 38. Kf2 Nd3+ 39. Ke3 Nc5 40. Bc6 h4 41. Bb5 Kf5 42. Bd3+ Nxd3 43. Kxd3 Ke6 44. Kc4 Kd6 45. Kb3 Bg7 46. Kc4 Bh6 47. Kb5 Kc7 48. Nc3 Kd6 49. Ne2 Kd5 50. Kxb6 Kc4 51. a5 Bf8 52. Kc6 Bc5 53. Nc3 Ba7 54. Nd5 Kb3 55. a6 Ka4 56. Kb7 Bc5 57. Nb6+ Kb5 58. a7 Bxb6 59. a8Q Bd4 60. Qe8+ Kc4 61. Qxf7+ Kd3 62. Qxg6+ Ke3 63. Qe4+ Kf2 64. Qxd4+ Kg3 65. f5 Kxh3 66. Qg4+ Kh2 67. Qxh4+ Kg2 68. f6 Kxf3 69. f7 Kg2 70. f8Q Kg1 71. Qff2# 1-0

[Event "Liechtenstein op 27th"]
[Site "Triesen"]
[Date "2009.05.22"]
[Round "8"]
[White "Bruehl, Andreas"]
[Black "Neuberger, Guido"]
[Result "1-0"]
[WhiteElo "2365"]
[BlackElo "2165"]
[PlyCount "103"]
[EventDate "2009.05.15"]
[EventType "swiss"]
[EventRounds "9"]
[EventCountry "LIE"]
[SourceTitle "CBM 130 Extra"]
[Source "ChessBase"]
[SourceDate "2009.07.02"]
[SourceVersion "2"]
[SourceVersionDate "2009.07.15"]
[SourceQuality "1"]

1. d4 d5 2. c4 Bf5 3. cxd5 Bxb1 4. Qa4+ c6 5. dxc6 Nxc6 6. Rxb1 e5 7. a3 exd4 8. Nf3 Bc5 9. g3 Nf6 10. Bg2 0-0 11. Qb5 Bb6 12. 0-0 Re8 13. Qd3 Qe7 14. Re1 Rad8 15. b4 Ng4 16. Bb2 Qf6 17. Rf1 Qh6 18. h3 Nge5 19. Nxe5 Nxe5 20. Qf5 g6 21. Qf4 Qxf4 22. gxf4 Nc4 23. Rfe1 d3 24. e3 Rd7 25. Red1 Bxe3 26. fxe3 Nxe3 27. Rd2 Nc4 28. Rbd1 Nxd2 29. Rxd2 Re2 30. Bc3 b6 31. Bf3 Rxd2 32. Bxd2 Rc7 33. Bd1 a5 34. bxa5 bxa5 35. Kf2 Re7 36. Bxa5 h6 37. a4 g5 38. Bd2 gxf4 39. Bxf4 Re4 40. Bxh6 Rh4 41. Bd2 Rxh3 42. a5 Rh1 43. Bf3 Ra1 44. Bb7 Kf8 45. a6 Ke7 46. Bf4 Ra2+ 47. Ke3 d2 48. Ke2 f5 49. Bb8 f4 50. a7 Ra3 51. a8Q Rd3 52. Kd1 1-0

[Event "Liechtenstein op 25th"]
[Site "Triesen"]
[Date "2007.05.14"]
[Round "4"]
[White "Neuberger, Guido"]
[Black "Foisor, Mihaela Veronica"]
[Result "1-0"]
[WhiteElo "2147"]
[BlackElo "1980"]
[PlyCount "121"]
[EventDate "2007.05.11"]
[EventType "swiss"]
[EventRounds "9"]
[EventCountry "LIE"]
[SourceTitle "CBM 118 Extra"]
[Source "ChessBase"]
[SourceDate "2007.07.04"]
[SourceVersion "1"]
[SourceVersionDate "2007.07.04"]
[SourceQuality "1"]

1. d4 e6 2. Bf4 d5 3. e3 c5 4. c3 Nc6 5. Nd2 Nf6 6. Bd3 Be7 7. Ngf3 Nh5 8. Be5 Nxe5 9. dxe5 g6 10. h4 Ng7 11. g4 f5 12. exf6 Bxf6 13. g5 Be7 14. Ne5 Bd6 15. Qa4+ Bd7 16. Nxd7 c4 17. Nb6+ Ke7 18. Nxa8 cxd3 19. Qd4 Nh5 20. e4 Qxa8 21. e5 Bc7 22. Qc5+ Kd7 23. Qb5+ Ke7 24. 0-0-0 Qb8 25. f4 Rf8 26. Qb4+ Kd7 27. Rhf1 Bb6 28. Rf3 Rf5 29. Qb5+ Ke7 30. Rdf1 Qc7 31. Qxd3 Qc6 32. Kc2 Qa4+ 33. b3 Qxa2+ 34. Kd1 Qa5 35. b4 Qa4+ 36. Ke2 Qc6 37. c4 dxc4 38. Nxc4 Bc7 39. Ke3 Qd5 40. Qxd5 exd5 41. Na5 b5 42. Nc6+ Kd7 43. Nd4 Bb6 44. Kd3 Bxd4 45. Kxd4 Ke6 46. Kc5 a6 47. Kb6 d4 48. Kc5 d3 49. Kd4 d2 50. Ke3 Kd5 51. Kxd2 Ng7 52. Ra3 Ne6 53. Ke3 Kc4 54. Rxa6 Ng7 55. Rb1 Nh5 56. Rc6+ Kd5 57. Rd6+ Kc4 58. Rd4+ Kc3 59. Rc1+ Kb2 60. Rf1 Kc3 61. Rf3 1-0